• 首页
  • 本馆介绍
  • 公告通知
  • 最新文献
  • 馆藏检索
  • 电子资源
  • 读者导购
  • 参考咨询
  • 我的图书馆
  • 登录
  • 详细信息显示
  • 放入我的书架
  • 预约/预借图书
  • 作者相关作品
  • 分类相关作品
  • 丛书相关作品
  • 出版社相关作品

书目信息

  • 表格格式
  • 工作单格式
  • 卡片格式
题名:
新中国财税发展70年
    
 
作者: 楼继伟, , 刘尚希 著
分册:  
出版信息: 北京   人民出版社  2019.10
页数: 229页
开本: 24cm
丛书名: 新中国经济发展70年丛书
单 册:
中图分类: F812.2 , F812.423
科图分类:
主题词: 财政管理--cai zheng guan li--研究--中国--1949-2019 , 税收管理--shui shou guan li--研究--中国--1949-2019
电子资源:
ISBN: 978-7-01-021263-0
000 01635nam 2200313 450
001 2349680788
005 20231125134815.82
010    @a978-7-01-021263-0@dCNY62.00
100    @a20191014d2019 em y0chiy50 ea
101 0  @achi
102    @aCN@b110000
105    @ay a 000yy
200 1  @a新中国财税发展70年@Axin zhong guo cai shui fa zhan 70 nian@d= 70 years of public finance and taxation development in the people's republic of China@f楼继伟, 刘尚希著@zeng
210    @a北京@c人民出版社@d2019.10
215    @a229页@d24cm
225 2  @a新中国经济发展70年丛书@Axin zhong guo jing ji fa zhan 70 nian cong shu
314    @a楼继伟, 1950年12月生, 浙江义乌人, 中国社会科学院数量与技术经济系毕业, 经济学硕士。刘尚希, 中国财政科学研究院党委书记兼院长, 经济学博士, 研究员。
320    @a有书目 (第226-229页)
330    @a本书按照时间顺序, 在国际国内政治变迁、国民经济运行及体制改革的大背景下, 系统回顾过去70年我国财税发展的历史进程, 以党中央重要文件、关键历史人物的回忆录为支撑, 客观反映历史实际, 展示成就, 总结经验教训, 展望未来, 以期加快建立现代财政制度, 为全面建成社会主义现代化强国、实现中华民族伟大复兴的中国梦提供更加科学、完善的制度保障。
410  0 @12001 @a新中国经济发展70年丛书
510 1  @a70 years of public finance and taxation development in the people's republic of China@zeng
606 0  @a财政管理@Acai zheng guan li@x研究@y中国@z1949-2019
606 0  @a税收管理@Ashui shou guan li@x研究@y中国@z1949-2019
690    @aF812.2@v5
690    @aF812.423@v5
701  0 @a楼继伟,@Alou ji wei@f1950-@4著
701  0 @a刘尚希@Aliu shang xi@4著
801  0 @aCN@b人天书店@c20191014
905    @aBZT@dF812.2@e5
    
    新中国财税发展70年= 70 years of public finance and taxation development in the people's republic of China/楼继伟, 刘尚希著.-北京:人民出版社,2019.10
    229页;24cm.-(新中国经济发展70年丛书)
    
    
    ISBN 978-7-01-021263-0:CNY62.00
    本书按照时间顺序, 在国际国内政治变迁、国民经济运行及体制改革的大背景下, 系统回顾过去70年我国财税发展的历史进程, 以党中央重要文件、关键历史人物的回忆录为支撑, 客观反映历史实际, 展示成就, 总结经验教训, 展望未来, 以期加快建立现代财政制度, 为全面建成社会主义现代化强国、实现中华民族伟大复兴的中国梦提供更加科学、完善的制度保障。
●
相关链接 在五车中查询图书 在当当中查询图书 在豆瓣中查询图书


正题名:新中国财税发展70年     索取号:F812.2/5         预约/预借

序号 登录号 条形码 馆藏地/架位号 状态 备注
1 2001086149   2001086149   东辅楼二楼书库/ [索取号:F812.2/5] 在馆    
2 2001086150   2001086150   东辅楼二楼书库/ [索取号:F812.2/5] 在馆    
3 2001086151   2001086151   东辅楼二楼书库/ [索取号:F812.2/5] 在馆    
4 2001086152   2001086152   东辅楼二楼书库/ [索取号:F812.2/5] 在馆    
5 2001086153   2001086153   东辅楼二楼书库/ [索取号:F812.2/5] 在馆    
6 2001086154   2001086154   东辅楼二楼书库/ [索取号:F812.2/5] 在馆    
7 2001086155   2001086155   东辅楼二楼书库/ [索取号:F812.2/5] 在馆    
8 2001086156   2001086156   东辅楼二楼书库/ [索取号:F812.2/5] 在馆    
9 2001086157   2001086157   东辅楼二楼书库/ [索取号:F812.2/5] 在馆    
10 2001086158   2001086158   东辅楼二楼书库/ [索取号:F812.2/5] 在馆    
11 2001086159   2001086159   东辅楼二楼书库/ [索取号:F812.2/5] 在馆    
12 2001086160   2001086160   东辅楼二楼书库/ [索取号:F812.2/5] 在馆    
13 2001086161   2001086161   东辅楼二楼书库/ [索取号:F812.2/5] 在馆    
14 2001086162   2001086162   东辅楼二楼书库/ [索取号:F812.2/5] 在馆    
15 2001086163   2001086163   东辅楼二楼书库/ [索取号:F812.2/5] 在馆    
16 2001086164   2001086164   东辅楼二楼书库/ [索取号:F812.2/5] 在馆    
17 2001086165   2001086165   东辅楼二楼书库/ [索取号:F812.2/5] 在馆    
18 2001086166   2001086166   东辅楼二楼书库/ [索取号:F812.2/5] 在馆    
19 2001086167   2001086167   东辅楼二楼书库/ [索取号:F812.2/5] 在馆    
20 2001086168   2001086168   东辅楼二楼书库/ [索取号:F812.2/5] 在馆    
21 2001086169   2001086169   东辅楼二楼书库/ [索取号:F812.2/5] 在馆    
22 2001086170   2001086170   东辅楼二楼书库/ [索取号:F812.2/5] 在馆    
23 2001086171   2001086171   东辅楼二楼书库/ [索取号:F812.2/5] 在馆    
24 2001086172   2001086172   东辅楼二楼书库/ [索取号:F812.2/5] 在馆    
25 2001086173   2001086173   东辅楼二楼书库/ [索取号:F812.2/5] 在馆    
26 2001086174   2001086174   东辅楼二楼书库/ [索取号:F812.2/5] 在馆    
27 2001086175   2001086175   东辅楼二楼书库/ [索取号:F812.2/5] 在馆    
28 2001086176   2001086176   东辅楼二楼书库/ [索取号:F812.2/5] 在馆    
29 2001086177   2001086177   东辅楼二楼书库/ [索取号:F812.2/5] 在馆    
30 2001086178   2001086178   东辅楼二楼书库/ [索取号:F812.2/5] 在馆    
山东省滨州职业学院图书馆 欢迎您!
大连网信软件有限公司© 版权所有